000 00716nam a2200241Ia 4500
003 OSt
005 20220927105432.0
006 a|||||r|||| 00| 0
007 ta
008 220926b |||||||| |||| 00| 0 eng d
024 _a172607
037 _cReference Collections
040 _aRTL
_cRTL
_beng
041 _2eng
_aeng
082 _a"X.2.N95 - N94r, N5/GD"
110 _a"INDIA, MINISTRY OF FINANCE."
_9372500
245 0 _aAnnual report 1994-95.
260 _aIndia
_bMinistry of finance
_c1995
300 _ax; 80p.
_ccm.
700 _a"INDIA, MINISTRY OF FINANCE."
_9372501
942 _h"X.2.N95 - N94r, N5/GD"
_cCC
999 _c692537
_d692537